000 01451nam1a2200325 i 4500
001 RU\NLR\bibl\608460
005 20260407085829.0
035 _a(NLR Aleph) 000600371
090 _a1768102
_c1768102
100 _a20050210g20049999u y0rusy50 ca
101 0 _arus
102 _aRU
105 _a||||z |||||
200 1 _aКультурология. Генезис и морфология культуры
_eсб. науч. тр.
_fМ-во образования и науки Рос. Федерации, Тамб. гос. ун-т им. Г.Р. Державина, Каф. культурологии
_g[Редкол.: Ромах О.В. д.филос.н., проф. и др.]
210 _aТамбов
_cИзд-во ТГУ
_d2004
215 _d21
463 0 _1001612063
517 0 _aГенезис и морфология культуры
606 0 _aКультурология
_jСборники
_91437504
_3RU\NLR\auth\66607983
686 _aТ3(0)0-7я43
686 _aС550.2я43
686 _aЧ111я43
702 1 _aРомах
_bО. В.
_gОльга Викторовна
_4340
712 0 2 _4570
_aТамбовский государственный университет им. Г. Р. Державина
_bКафедра культурологии
_9594150
_3RU\NLR\AUTH\8810047178
801 0 _aRU
_bNLR
_c20050210
_grcr
801 1 _aRU
_bNLR
_c20050210
852 _aNLR
_j2005-3/3340
942 _cBOOK